00881 am a2200241 a 450000500170000000800410001702000150005804100080007310000220008124500450010325000210014826000540016930000280022350001040025165300290035565300490038465300550043365300340048865300390052265300290056165300330059065300160062320240220091252.0100309s2001||||cl a f |||| 001 0 spa d a9562201554 aspa1 aAtías, Antonio. aParasitología medica /cAntonio Atias. a4a ed. 2a reimp. aSantiago de Chile [Chile]: bMediterraneo;c2001. a615 p.bLáminas color aAtías, A. (2001). Parasitología médica. (4a ed.). Santiago de Chile (Chile) : Mediterráneo. aParasitología básica aParasitología clínica: enteroparasitosis aParasitología clínica: histo y hemoparasitosis aParasitología topográfica aArtrópodos de interés médico aParasitología aplicada aDiagnóstico de laboratorio aTratamiento